| 000 | 01941nam a2200349 a 4500 | ||
|---|---|---|---|
| 001 | 000007413 | ||
| 003 | DO-SdBPM | ||
| 005 | 20251009102828.0 | ||
| 007 | ta | ||
| 008 | 090908s2001 dr a 001 0 spa d | ||
| 040 |
_aDO-SdBPM _bspa _cBPMSU _erda _d |
||
| 082 | 4 |
_a868.44 _bC117c 2001 _222 |
|
| 100 | 1 |
_aCabral, Manuel del _d1907-1999. _cautor |
|
| 245 | 1 | 0 |
_aCon el permiso del guardián del tiempo : _btextos inéditos / _cManuel del Cabral ; prólogo Diógenes Céspedes ; presentación Carlos Esteban Deive. |
| 264 |
_aSanto Domingo : _bComisión Permanente de la Feria del Libro, _c2001. |
||
| 300 |
_a247 páginas : _bilustraciones ; _c 26 cm. |
||
| 336 |
_atexto _btxt _2rdacontent |
||
| 337 |
_asin mediación _bn _2rdamedia |
||
| 338 |
_avolumen _bnc _2rdacarrier |
||
| 500 | _aEsta edición fue realizada con motivo de la IV Feria Internacional del Libro Santo Domingo 2001 en homenaje a Manuel del Cabral | ||
| 500 | _aIncluye datos biográficos del autor en la solapa de la cubierta | ||
| 505 | 2 |
_tPresentación -- _tEn homenaje a Manuel del Cabral / _rCarlos Esteban Deive -- _t Prólogo / _rDiógenes Céspedes -- _tEl exterior -- _tUn homenaje -- _tDoña Víctoria / _rsur y Cabral -- _tUna parábola y dos anécdotas -- _tDon Pedro y Trujillo -- _tTrujillo, MArio y un "Del" -- _tCuatro en la lista negra -- _t5 retablos al borde de la sátira -- _tDos retratos con lejanías y una sátira terrestre -- _t6 retratos con sátira pero un poco sin ella -- _tUn homenaje a Machado -- _tLa cultura del diablo. |
|
| 590 | _aInventariado, 2025/VM | ||
| 600 | 1 | 7 |
_aCabral, Manuel del, _d1907-1999 _vColecciones de escritos |
| 650 | 7 |
_aPoesía dominicana _2 |
|
| 650 | 7 | _aEnsayos dominicanos | |
| 650 | 7 |
_aPoetas dominicanos _vColecciones de escritos. |
|
| 700 | 1 |
_aCéspedes, Diógenes _eprólogo |
|
| 700 | 1 |
_aDeive, Carlos Esteban _epresentación |
|
| 910 | _aVMateo V. Control de calidad. BPMSU | ||
| 942 |
_2ddc _cBK |
||
| 999 |
_c7998 _d7998 |
||